000 00529nam a2200193Ia 4500
008 101110s9999 xx 000 0 und d
041 _aENGLISH
082 _bSR21821
100 _aMeislich, Sharefkin
245 _a3000 Solved problems in Organic Chemistry Vol.I
365 _b287
520 _aChemistry
546 _aENGLISH
630 _a3000 Solved problems in Organic Chemistry Vol.I
650 _aChemistry
655 _aChemistry
730 _a3000 Solved problems in Organic Chemistry Vol.I
942 _cBOOK
999 _c814660
_d814657